|
|
|
|
| LEADER |
02091nam a2200577 i 4500 |
| 001 |
nkc20152765231 |
| 003 |
CZ PrNK |
| 005 |
20170814154005.0 |
| 007 |
ta |
| 008 |
160104s2015 xr f 001 0 cze |
| 015 |
|
|
|a cnb002765231
|
| 020 |
|
|
|a 978-80-7429-603-1
|q (Vyšehrad ;
|q vázáno)
|
| 020 |
|
|
|a 978-80-906176-3-6
|q (Tiskárna Bílý slon ;
|q vázáno)
|
| 035 |
|
|
|a (OCoLC)944218547
|
| 040 |
|
|
|a ABA001
|b cze
|e rda
|
| 041 |
0 |
|
|a cze
|b eng
|
| 072 |
|
7 |
|a 00
|x Věda. Všeobecnosti. Základy vědy a kultury. Vědecká práce
|2 Konspekt
|9 12
|
| 080 |
|
|
|a 165.191
|2 MRF
|
| 080 |
|
|
|a 001.8
|2 MRF
|
| 080 |
|
|
|a 001.5
|2 MRF
|
| 080 |
|
|
|a 113/119
|2 MRF
|
| 080 |
|
|
|a (048.8)
|2 MRF
|
| 100 |
1 |
|
|a Havlík, Vladimír,
|d 1961-
|7 ola2003162686
|4 aut
|
| 245 |
1 |
0 |
|a Anomálie, ad hoc hypotézy a temné stránky kosmologie /
|c Vladimír Havlík
|
| 264 |
|
1 |
|a Plzeň ;
|a Praha :
|b v nakladatelství Vyšehrad vydala Tiskárna Bílý slon s.r.o.,
|c 2015
|
| 300 |
|
|
|a 165 stran ;
|c 22 cm
|
| 336 |
|
|
|a text
|b txt
|2 rdacontent
|
| 337 |
|
|
|a bez média
|b n
|2 rdamedia
|
| 338 |
|
|
|a svazek
|b nc
|2 rdacarrier
|
| 490 |
1 |
|
|a Nové myšlení : řada ZČU
|
| 504 |
|
|
|a Obsahuje bibliografii, bibliografické odkazy a rejstřík
|
| 546 |
|
|
|a Anglické resumé
|
| 550 |
|
|
|a Vydavatel: Západočeská univerzita
|
| 650 |
0 |
7 |
|a vědecké poznání
|7 ph127373
|2 czenas
|
| 650 |
0 |
7 |
|a vědecká metodologie
|7 ph136968
|2 czenas
|
| 650 |
0 |
7 |
|a vědecké teorie
|7 ph135536
|2 czenas
|
| 650 |
0 |
7 |
|a kosmologie
|7 ph114989
|2 czenas
|
| 650 |
0 |
9 |
|a scientific knowledge
|2 eczenas
|
| 650 |
0 |
9 |
|a scientific methodology
|2 eczenas
|
| 650 |
0 |
9 |
|a scientific theories
|2 eczenas
|
| 650 |
0 |
9 |
|a cosmology
|2 eczenas
|
| 655 |
|
7 |
|a monografie
|7 fd132842
|2 czenas
|
| 655 |
|
9 |
|a monographs
|2 eczenas
|
| 710 |
2 |
|
|a Západočeská univerzita
|7 kn20010709221
|4 isb
|
| 830 |
|
0 |
|a Nové myšlení
|0 s
|
| 910 |
2 |
|
|a BOA001
|b 2-1393.117
|
| 928 |
9 |
|
|a Tiskárna Bílý slon
|
| 928 |
9 |
|
|a Vyšehrad
|
| 990 |
|
|
|a BK
|
| 995 |
|
|
|a 01
|
| 996 |
6 |
|
|b 2610715820
|c 2-1393.117
|l MZK
|r Sklad / do 1 hodiny
|n 1
|p p.v.
|w 001625205
|u 000010
|a 1
|e BOA001
|j MZK50
|s P
|